| 000 | 00935nas a2200301 4500 | ||
|---|---|---|---|
| 001 | BR7801788 | ||
| 003 | BR-BrBNA | ||
| 005 | 20231205083411.0 | ||
| 007 | ta | ||
| 008 | 230509b bl.|||p| |||| 00| 00por d | ||
| 040 |
_aBR-BrBNA _bpor _cBiblioteca Nacional de Agricultura |
||
| 041 | _a(Pt) | ||
| 072 | _aL73; L36 | ||
| 100 | 1 | _aMiranda, J.B.M. de | |
| 100 | 1 | _aPessoa, G.V.A. | |
| 100 | 1 | _aIrino, K. | |
| 100 | 1 | _aCalzada, C.T. | |
| 245 | 1 | _aOcorrencia de Salmonella em farinhas utilizadas como materia-prima na composicao de racoes de animais [Bacteria patogenica] | |
| 650 | _aDoenca animal | ||
| 650 | _aComposicao de alimento | ||
| 650 | _aSalmonelose | ||
| 650 | _aFarinha | ||
| 650 | _aRacao | ||
| 650 | _aBacteria patogenica | ||
| 773 | 0 |
_tRevista do Instituto Adolfo Lutz (Brazil) _xISSN 0370-5374 _g(1978), v. 38(2) p. 157-160 _wBR7801788 |
|
| 909 |
_a202311 _bLúcia _c55 _dLúcia Elande |
||
| 942 |
_2AGRIS _n0 _cANA |
||
| 999 |
_c98490 _d98490 |
||